000 00563nam a2200193 i 4500
001 27160
003 ES-MaACL
005 20230906153553.0
007 t|
008 030113s1920 fr ||||1| fre d
100 1 _aAxelrod, Alexandre.
_924098
245 1 2 _aL'oeuvre économique des soviets /
_cAlexandre Axelrod.
260 _aParís :
_bJ. Povolozky,
_c[1920]
300 _a146 p. ;
_c20 cm.
490 1 _aBibliothèque d'histoire sociale
830 0 _aBibliothèque d'histoire sociale
_9229201
852 _aES-MaACL
_j1598-F-24
999 _c27160
_d27160